Five Highest Mountains in Each Continent - Statistics

General Stats
  • This quiz has been taken 28 times
  • The average score is 7 of 35
Answer Stats
Hint Height (m) Mountains % Correct
Asia 8848 m Everest
92%
North America 6190 m Denali
88%
Asia 8611 m K2
88%
Africa 5895 m Kilimanjaro
85%
South America 6961 m Aconcagua
65%
Europe 5642 m Elbrus
65%
Africa 5199 m Kenya
50%
Asia 8516 m Lhotse
31%
North America 5959 m Logan
31%
Asia 8586 m Kanchenjunga
19%
Asia 8485 m Makalu
19%
Oceania 3724 m Cook
15%
Antarctica 4892 m Vinson Massif
15%
Africa 5109 m Stanley
12%
South America 6893 m Ojos del Salado
8%
North America 5636 m Pico de Orizaba
8%
South America 6768 m Huascarán
4%
Africa 4562 m Meru
4%
North America 5426 m Popocatépetl
4%
Africa 4550 m Ras Dashen
4%
North America 5489 m Saint Elias
4%
Oceania 4509 m Wilhelm
4%
Oceania 3923 m Aatigamai
0%
South America 6759 m Cerro Bonete
0%
Europe 5205 m Dykh-Tau
0%
Antarctica 4587 m Gardner
0%
Oceania 4367 m Giluwe
0%
Oceania 4104 m Kabangama
0%
Europe 5033 m Kazbek
0%
Antarctica 4528 m Kirkpatrick
0%
Europe 5151 m Koshtan-Tau
0%
South America 6793 m Pissis
0%
Antarctica 4661 m Shinn
0%
Europe 5193 m Shkhara
0%
Antarctica 4852 m Tyree
0%
No matching quizzes found
Score Distribution
Percent of People with Each Score
Percentile by Number Answered
Your Score History
You have not taken this quiz